00591 a2200181 4500001000700000003000400007005001700011008004100028082001600069100002300085245005300108260003000161300001000191690007300201942001200274999001300286952011000299066693OSt20211006110911.0  a005.1bJ76M1 aJorgensen, Paul C.1 aModeling software behaviorcby Paul C. Jorgensen aNew YorkbCRC Pressc2009 a207p. aSystem design; Software architecture; Computer software--Development 2ddccBK c708d708 00102ddc40708TXBaCURAJbCURAJd2012-03-07eCSCg3921.00o005.1 J76Mp979r2024-11-21w2020-09-02yBK